| 000 | 00348cam a2200145ua 4500 | ||
|---|---|---|---|
| 041 |
_aeng _h |
||
| 082 |
_a821 _bMIL/MI |
||
| 100 | _aMilton, John . | ||
| 245 |
_aMilton`s poems / _cJohn Milton. _hTextual Documents |
||
| 260 |
_aLondon : _bJ M Dent and Sons Ltd , _c1959. |
||
| 300 | _a484 ; . | ||
| 504 | _a | ||
| 942 | _cBK | ||
| 999 |
_c5998 _d5998 |
||